| 000 | 02578nam a22001577a 4500 | ||
|---|---|---|---|
| 041 | _aukr | ||
| 080 | _a09 | ||
| 090 | _bСИЧ | ||
| 100 | _aСичевська О.Ю. | ||
| 245 | _aАдресати звернення у офіційному дискурсі | ||
| 260 |
_aОстрог _bКАФ _c2009 |
||
| 300 | _a67 | ||
| 520 |
_aВСТУП
РОЗДІЛ 1 ПОНЯТТЯ ОФІЦІЙНОГО ТА НЕОФІЦІЙНОГО ДИСКУРСУ У ЛІНГВІСТИЧНІЙ НАУЦІ
1.1 Сучасні підходи до визначення дискурсу.
1.1.1 Основні характеристики дискурсу.
1.1.2 Просторовість дискурсу.
1.2 Характерні риси офіційного та неофіційного дискурсу.
1.2.1 Засоби вираження фактора адресата з точки зору офіційного і неофіціного дискурсу.
1.2.2 Засоби відкритого та прихованого впливу у офіційному дискурсі.
1.3 Особливості адресованості у офіційному дискурсі.
1.3.1 Поняття адресата в комунікації: його типи та роль.
1.3.2 Експліцитні (прямі і непрямі) та імпліцитні маркери адресованості.
1.3.3 Інші засоби вираження адресованості.
1.4 Сприйняття повідомлення адресатом.
1.4.1 Характеристика офіційних документів як частини офіційного дискурсу.
1.4.2 Особливості текстів юридичних документів.
РОЗДІЛ 2 РІЗНОВИДИ ЛИСТІВ ОФІЦІЙНОГО ДИСКУРСУ
2.1 Структура листів.
2.2 Ділове листування.
2.3 Порівняльний аналіз ділового та приватного листування.
РОЗІДЛ3 КАТЕГОРІЯ ВВІЧЛИВОСТІ ЯК ЗАСІБ ВПЛИВУ НА РЕЦИПІЄНТА У ПРОЦЕСІ СПІЛКУВАННЯ
3.1 Визначення категорії ввічливості як феномену.
3.2 Позитивна та негативна ввічливість.
3.3 Комунікативні тактики учасників процесу спілкування.
ВИСНОВКИ _0дискурс, лінгвістика, листи,спілкування |
||
| 650 | _aResearch Papers | ||
| 999 |
_c284189 _d284189 |
||
| 942 | _cBK | ||